Сверхдолгожители - Армагеддон - Statistics

General Stats
  • This quiz has been taken 11 times
  • The average score is 2 of 8
Answers on the Grid
Answers color-coded by a green-red scale on the quiz's grid according to % correct below.
Николай Гнатюк
Рэй Брэдбери
Михаил Горбачёв
Бенджамин Франклин
Владимир Зельдин
Нина Гребешкова
Армен Джигарханян
Жак Фреско
Альберт Хофман
Дэвид Рокфеллер
Лес Пол
Нина Сазонова
Уильям Берроуз
Кирк Дуглас
Хью Хефнер
Джон Рокфеллер
Елизавета II
Нельсон Мандела
Фёдор Углов
Всеволод Санаев
Герман Титов
Микеланджело Антониони
Лев Толстой
Боб Хоуп
Элизабет Тейлор
Чарли Чаплин
Сергей Михалков
Дмитрий Менделеев
Коко Шанель
Игорь Моисеев
 
Answer Stats
Answer % Correct
Владимир Зельдин
67%
Жак Фреско
33%
Дэвид Рокфеллер
33%
Игорь Моисеев
22%
Альберт Хофман
11%
Кирк Дуглас
11%
Фёдор Углов
0%
Боб Хоуп
0%
No matching quizzes found
Score Distribution
Percent of People with Each Score
Percentile by Number Answered
Your Score History
You have not taken this quiz